ბათუმის შოთა რუსთაველის სახელმწიფო უნივერსიტეტის ბიბლიოთეკა

Rímske zbierky. Katalóg I. Kovania, debničiek, zámky, držadlá, klúče, klince a fragmenty panciera (ბიბ.ჩანაწერი № 60598)

000 -LEADER
fixed length control field 00601nam a22001697a 4500
005 - DATE AND TIME OF LATEST TRANSACTION
control field 20230914171458.0
008 - FIXED-LENGTH DATA ELEMENTS--GENERAL INFORMATION
fixed length control field 230914s1983 pl ||||| |||| 00| 0 pol d
041 ## - LANGUAGE CODE
Language code of text/sound track or separate title pol
080 ## - UNIVERSAL DECIMAL CLASSIFICATION NUMBER
Universal Decimal Classification number 069 G-24
100 ## - MAIN ENTRY--PERSONAL NAME
Personal name Gaspar, Dora
9 (RLIN) 19819
245 ## - TITLE STATEMENT
Title Rímske zbierky. Katalóg I. Kovania, debničiek, zámky, držadlá, klúče, klince a fragmenty panciera
Statement of responsibility, etc. Gáspár Dora, Priska Ratimorská.
264 ## - PRODUCTION, PUBLICATION, DISTRIBUTION, MANUFACTURE, AND COPYRIGHT NOTICE
Place of production, publication, distribution, manufacture Bratislava,
Date of production, publication, distribution, manufacture, or copyright notice 1983.
300 ## - PHYSICAL DESCRIPTION
Extent 28 p. :
Other physical details ill.;
Accompanying material 23 cm.
653 ## - INDEX TERM--UNCONTROLLED
keyword რომის კოლექციები
700 ## - ADDED ENTRY--PERSONAL NAME
Personal name Ratimorská, Priska
Relator term ავტორი
9 (RLIN) 19820
942 ## - ADDED ENTRY ELEMENTS (KOHA)
Source of classification or shelving scheme
Koha item type წიგნი
ეგზემპლარები
Withdrawn status Lost status Source of classification or shelving scheme Damaged status Not for loan Permanent Location Current Location Shelving location Date acquired Cost, normal purchase price Full call number Barcode Date last seen Copy number Uniform Resource Identifier Price effective from Koha item type Public note
          ბათუმის შოთა რუსთაველის სახელმწიფო უნივერსიტეტის მთავარი ბიბლიოთეკა ბათუმის შოთა რუსთაველის სახელმწიფო უნივერსიტეტის მთავარი ბიბლიოთეკა წიგნსაცავი 2023-09-14 5.00 069 G-24 65205 2023-09-14 65205 ბსუ-ს საპატიო დოქტორის გურამ ლორთქიფანიძის საჩუქარი 2023-09-14 წიგნი 5 ლ.